000
00279nam a22001217a 4500
082
_a
425
_b
BAS/C
100
_a
BASKAR, R. V
245
_a
COMMON ERRORS IN ENGLISH
260
_a
CHENNAI
_b
EMERALD PUBLISHERS
300
_a
98
650
_a
INCORRECT & CORRECT
_z
CHENNAI
942
_c
BK
999
_c
3674
_d
3674